अणसार (Record no. 1255282)

MARC details
000 -LEADER
fixed length control field 00577nam a2200193Ia 4500
008 - FIXED-LENGTH DATA ELEMENTS--GENERAL INFORMATION
fixed length control field 151121s9999||||xx |||||||||||||| ||und||
082 ## - DEWEY DECIMAL CLASSIFICATION NUMBER
Classification number 813/नरव
082 ## - DEWEY DECIMAL CLASSIFICATION NUMBER
Item number HNW-73826
100 ## - MAIN ENTRY--PERSONAL NAME
Personal name नरवणे अंजनी - अनु
245 ## - TITLE STATEMENT
Title अणसार
260 ## - PUBLICATION, DISTRIBUTION, ETC. (IMPRINT)
Name of publisher, distributor, etc "मेहता प्रकाशन, पुणे।"
260 ## - PUBLICATION, DISTRIBUTION, ETC. (IMPRINT)
Date of publication, distribution, etc --
300 ## - PHYSICAL DESCRIPTION
Extent 283
600 ## - SUBJECT ADDED ENTRY--PERSONAL NAME
Personal name नरवणे अंजनी - अनु
630 ## - SUBJECT ADDED ENTRY--UNIFORM TITLE
Uniform title अणसार
700 ## - ADDED ENTRY--PERSONAL NAME
Personal name नरवणे अंजनी - अनु
730 ## - ADDED ENTRY--UNIFORM TITLE
Uniform title अणसार
942 ## - ADDED ENTRY ELEMENTS (KOHA)
Koha item type Book
Holdings
Withdrawn status Lost status Damaged status Not for loan Home library Current library Date acquired Cost, normal purchase price Total Checkouts Full call number Barcode Date last seen Cost, replacement price Price effective from Koha item type
        Hirachand Nemchand Wachanalaya, Solapur Hirachand Nemchand Wachanalaya, Solapur 11/21/2015 180.00   HNW-73826 HNW-73826 11/21/2015 180.00 11/21/2015 Book